Dr. Both Ödön

Elmentve itt :
Bibliográfiai részletek
Dokumentumtípus: Cikk
Megjelent: 1985-04-30
Sorozat:Délmagyarország 75 No. 100
Kulcsszavak:Both Ödön
Online Access:http://dmarchiv.bibl.u-szeged.hu/92545
LEADER 00383nab a2200145 i 4500
001 delm92545
005 20190911154358.0
008 190911s1985 hu o 0|| hun d
040 |a SZTE Délmagyarország Archívum  |b hun 
041 |a hun 
245 0 0 |a Dr. Both Ödön  |h [elektronikus dokumentum] 
260 |c 1985-04-30 
300 |a 16 
490 0 |a Délmagyarország  |v 75 No. 100 
695 |a Both Ödön